000 00494nam a2200193Ia 4500
008 170918s9999 xx 000 0 und d
020 _a9780439411837
050 _bC598 2003
100 _aClarke, Jacqueline A.
245 _aMoose's loose tooth /
245 _cJacqueline A. Clarke ; illustrated by Bruce McNally.
260 _aNew York :
260 _bScholastic,
260 _c2003
300 _aunpaged :
300 _bcolored illustration ;
300 _c26cm.
500 _a220
999 _c342498
_d342498